| 000 | 00000nam 2200000zi 4500 |
| 001 | 9.894519 |
| 003 | CaOODSP |
| 005 | 20230515160233 |
| 006 | m o d f |
| 007 | cr mn||||||||| |
| 008 | 201209t20202020onc obu f000 0 fre d |
| 020 | |a9780660368863 |
| 020 | |z9780660203423 |q(incorrect) |
| 040 | |aCaOODSP|bfre|erda|cCaOODSP |
| 043 | |an-cn--- |
| 086 | 1 |aBT48-15/2020F-PDF |
| 245 | 00|aNorme pour les systèmes de gestion électronique des documents et des dossiers (SGEDD). |
| 264 | 1|aOttawa, Ontario : |bSecrétariat du Conseil du trésor du Canada = Treasury Board of Canada Secretariat, |c2020. |
| 264 | 4|c©2020 |
| 300 | |a1 ressource en ligne (10 pages non numérotées) |
| 336 | |atexte|btxt|2rdacontent/fre |
| 337 | |ainformatique|bc|2rdamedia/fre |
| 338 | |aressource en ligne|bcr|2rdacarrier/fre |
| 500 | |aPublié aussi en anglais sous le titre : Standard for electronic documents and records management solutions (EDRMS). |
| 500 | |a« Publié : le 2020-07-20. » |
| 504 | |aComprend des références bibliographiques. |
| 650 | 6|aSystèmes d'information|xAdministration publique|xNormes|zCanada. |
| 650 | 6|aInformation sur l'État électronique|xGestion|xNormes|zCanada. |
| 710 | 1 |aCanada. |bConseil du trésor, |eorganisme de publication. |
| 775 | 08|tStandard for electronic documents and records management solutions (EDRMS).|w(CaOODSP)9.894518 |
| 795 | |tNorme pour les systèmes de gestion électronique des documents et des dossiers (SGEDD) |w(CaOODSP)9.852007 |
| 856 | 40|qPDF|s170 Ko|uhttps://publications.gc.ca/collections/collection_2023/sct-tbs/BT48-15-2020-fra.pdf |
| 856 | 4 |qHTML|sS.O.|uhttps://www.tbs-sct.canada.ca/pol/doc-fra.aspx?id=18910 |